| Tag |
First Indicator |
Second Indicator |
Subfields |
| LEADER |
00000cam a2200000Ia 4500 |
| 001 |
in00002653413 |
| 006 |
m d |
| 007 |
cr cn||||||||| |
| 008 |
100526s2010 nju ob 001 0 eng d |
| 005 |
20250816205115.2 |
| 010 |
|
|
|z 2010022315
|
| 020 |
|
|
|z 9780691142074 (hardcover : alk. paper)
|
| 020 |
|
|
|z 9781400836086 (ebook)
|
| 035 |
|
|
|a (CaPaEBR)ebr10421676
|
| 040 |
|
|
|a CaPaEBR
|c CaPaEBR
|d UtOrBLW
|
| 050 |
1 |
4 |
|a JC330.3
|b .K46 2010eb
|
| 082 |
0 |
4 |
|a 303.3/4
|2 22
|
| 100 |
1 |
|
|a Keohane, Nannerl O.,
|d 1940-
|
| 245 |
1 |
0 |
|a Thinking about leadership /
|c Nannerl O. Keohane.
|
| 264 |
|
1 |
|a Princeton :
|b Princeton University Press,
|c [2010]
|
| 264 |
|
4 |
|c ©2010
|
| 300 |
|
|
|a xi, 297 pages
|
| 336 |
|
|
|a text
|b txt
|2 rdacontent
|
| 337 |
|
|
|a computer
|b c
|2 rdamedia
|
| 338 |
|
|
|a online resource
|b cr
|2 rdacarrier
|
| 504 |
|
|
|a Includes bibliographical references and index.
|
| 533 |
|
|
|a Electronic reproduction.
|b Palo Alto, Calif. :
|c ebrary,
|d 2010.
|n Available via World Wide Web.
|n Access may be limited to ebrary affiliated libraries.
|
| 500 |
|
|
|a Electronic resource.
|
| 650 |
|
0 |
|a Political leadership.
|
| 650 |
|
0 |
|a Leadership.
|
| 655 |
|
7 |
|a Electronic books.
|2 local
|
| 710 |
2 |
|
|a ebrary, Inc.
|
| 856 |
4 |
0 |
|u https://ebookcentral.proquest.com/lib/tamucs/detail.action?docID=590833
|y Connect to the full text of this electronic book
|t 0
|
| 999 |
f |
f |
|s 59c707e2-03cc-30d3-9301-f36c6837e82d
|i 54f0a5be-d746-35cd-9ac7-e5da9146cca0
|t 0
|
| 999 |
|
|
|a MARS
|
| 952 |
f |
f |
|a Texas A&M University
|b College Station
|c Electronic Resources
|d Available Online
|t 0
|e JC330.3 .K46 2010eb
|h Library of Congress classification
|
| 998 |
f |
f |
|a JC330.3 .K46 2010eb
|t 0
|l Available Online
|